000 00667nab a2200241 a 4500
001 64668
003 137352
005 20201118110151.0
008 ||||||n9999 ||| || ||
041 _aspa
100 _aConstantino Toto, Mario C.
245 0 _aTensiones de fin de siglo :
_bciudadania y multiculturalidad
260 _aEcuador :
_bCentro Andino de Accion Popular,
_c1997.
300 _app.209-232
562 _e0
650 _aCIUDADANÍA
650 _aINTEGRACIÓN CULTURAL
650 _aMULTICULTURALISMO
650 _aRELACIONES CULTURALES
650 _aTENDENCIAS SOCIALES
773 _061485
_aEcuador debates - No.42
942 _cSART
999 _c64668
_d64668